| 000 | 00513nam a2200145Ia 4500 | ||
|---|---|---|---|
| 008 | 231129s2008||||xx |||||||||||||| ||spa|| | ||
| 020 | _a978-958-8323-23-7 | ||
| 040 | _bspa | ||
| 082 | _aR 910.3 I59d | ||
| 100 | _aInstituto Geográfico Agustín Codazzi; Sociedad Geográfica de Colombia; Academia de Ciencias Geográficas | ||
| 245 | 0 | _aDiccionario de gentilicios de Colombia | |
| 260 | _c2008 | ||
| 264 | _aBogotá Colombia: Imprenta Nacional de Colombia | ||
| 942 |
_2ddc _cBKS |
||
| 999 |
_c9339 _d9339 |
||